[Event "VIE-ch (Women)"]
[Site "Bac Giang"]
[Date "2017.11.26"]
[Round "5"]
[White "Luong, Hoang Tu Linh"]
[Black "Doan, Thi Hong Nhung"]
[Result "1/2-1/2"]
[WhiteElo "1505"]
[BlackElo "1945"]
[PlyCount "133"]
[EventDate "2017.11.23"]
[EventType "swiss"]
[EventRounds "9"]
[EventCountry "VIE"]
[SourceTitle "CBM 181 Extra"]
[Source "ChessBase"]
[SourceDate "2017.12.12"]
[SourceVersion "1"]
[SourceVersionDate "2017.12.12"]
[SourceQuality "1"]

1. d4 Nf6 2. Nf3 e6 3. e3 b6 4. Bd3 Bb7 5. 0-0 Be7 6. c4 0-0 7. b3 d5 8. Bb2 c5 9. Nbd2 Nc6 10. Qe2 Nb4 11. Bb1 dxc4 12. Nxc4 Qd5 13. a3 Na6 14. Qc2 Qh5 15. Ncd2 Rac8 16. Qd1 cxd4 17. Nxd4 Qd5 18. Qf3 Nc5 19. Qxd5 Bxd5 20. Bc2 Nfe4 21. Nxe4 Nxe4 22. Bxe4 Bxe4 23. Rac1 e5 24. Nf3 f6 25. Rfd1 Kf7 26. Rxc8 Rxc8 27. Rc1 Rd8 28. Kf1 Rd7 29. Ke2 Ke6 30. h3 Bxf3+ 31. Kxf3 Rd2 32. Bc3 Ra2 33. Bb4 Bxb4 34. axb4 Kd6 35. g4 Ra3 36. Rc3 g6 37. b5 f5 38. gxf5 gxf5 39. Rc6+ Kd5 40. Rc7 h6 41. h4 Rxb3 42. Rxa7 Rxb5 43. Rh7 Rb1 44. Rxh6 b5 45. h5 b4 46. Rh8 Rh1 47. h6 Kc6 48. Rb8 Rxh6 49. Rxb4 Rh3+ 50. Ke2 Rh8 51. Rb1 Ra8 52. Rh1 Kd5 53. Rd1+ Ke6 54. Rd2 Ra5 55. f4 exf4 56. exf4 Ra4 57. Ke3 Ra3+ 58. Rd3 Rxd3+ 59. Kxd3 Kd5 60. Ke3 Kc4 61. Kf3 Kd3 62. Kg3 Ke3 63. Kg2 Kxf4 64. Kf2 Ke4 65. Ke2 f4 66. Kf2 f3 67. Kf1 1/2-1/2

[Event "VIE-ch (Women)"]
[Site "Bac Giang"]
[Date "2017.11.23"]
[Round "2"]
[White "Doan, Thi Hong Nhung"]
[Black "Nguyen, Thien Ngan"]
[Result "0-1"]
[WhiteElo "1945"]
[BlackElo "1635"]
[PlyCount "70"]
[EventDate "2017.11.23"]
[EventType "swiss"]
[EventRounds "9"]
[EventCountry "VIE"]
[SourceTitle "CBM 181 Extra"]
[Source "ChessBase"]
[SourceDate "2017.12.12"]
[SourceVersion "1"]
[SourceVersionDate "2017.12.12"]
[SourceQuality "1"]

1. d4 d5 2. c4 e6 3. Nc3 Nf6 4. Bg5 Be7 5. e3 Nbd7 6. Nf3 0-0 7. Rc1 c6 8. Qc2 a6 9. c5 Re8 10. b4 e5 11. Be2 h6 12. Bh4 e4 13. Nd2 Nf8 14. Na4 N6d7 15. Bg3 f5 16. 0-0 Ne6 17. f3 Bg5 18. Qc3 f4 19. exf4 Nxf4 20. Bxf4 Bxf4 21. fxe4 Qg5 22. Rcd1 dxe4 23. g3 Be3+ 24. Kg2 Bxd2 25. Rxd2 Nf6 26. Nb6 Rb8 27. Bc4+ Kh8 28. Rdf2 Bg4 29. Be2 e3 30. Bxg4 exf2 31. Bf3 Ng4 32. Nc4 Ne3+ 33. Nxe3 Rxe3 34. Qd2 Rf8 35. Rxf2 Rexf3 0-1

[Event "VIE-chT (Women)"]
[Site "Ho Chi Minh City"]
[Date "2017.07.26"]
[Round "4.1"]
[White "Nguyen, Thi Mai Hung"]
[Black "Doan, Thi Hong Nhung"]
[Result "1-0"]
[WhiteElo "2275"]
[BlackElo "1946"]
[PlyCount "131"]
[EventDate "2017.07.24"]
[EventType "team-swiss"]
[EventRounds "9"]
[EventCountry "VIE"]
[SourceTitle "EXT 2019"]
[Source "ChessBase"]
[SourceDate "2018.10.10"]
[SourceVersion "1"]
[SourceVersionDate "2018.10.10"]
[SourceQuality "1"]

1. d4 Nf6 2. Nf3 e6 3. e3 b6 4. Bd3 Bb7 5. 0-0 Be7 6. c4 d6 7. Nc3 c5 8. d5 exd5 9. cxd5 0-0 10. e4 Nbd7 11. Re1 a6 12. a4 Ng4 13. h3 Nge5 14. Nxe5 dxe5 15. f4 Qc7 16. Qe2 Rfc8 17. Bc4 Nf6 18. Rf1 Bd6 19. g3 h6 20. Bd2 Rcb8 21. Rae1 Kh7 22. Rf2 Ne8 23. h4 f6 24. f5 Be7 25. g4 Nd6 26. g5 Rh8 27. gxh6 gxh6 28. Kh2 Nxc4 29. Qxc4 Rhg8 30. Qe2 Bf8 31. Rg2 Rxg2+ 32. Qxg2 Qf7 33. Rg1 Be7 34. Ne2 b5 35. Qf3 Rg8 36. Rxg8 Qxg8 37. axb5 axb5 38. Qh5 Bf8 39. Ng3 Bc8 40. Qe8 Bd6 41. Qc6 Qd8 42. Qxb5 Bd7 43. Qb7 Qc7 44. Qxc7 Bxc7 45. Be3 c4 46. Kg2 Be8 47. Kf2 Ba5 48. Bc5 Kg7 49. Ke2 Bb5 50. Nh5+ Kf7 51. Kd1 Ba4+ 52. Ke2 Bb5 53. Kf2 Bd2 54. Be3 c3 55. bxc3 Bxc3 56. Bxh6 Ba4 57. Be3 Bb4 58. Ng3 Bc2 59. Ke2 Kg7 60. Bb6 Ba4 61. Nh5+ Kf7 62. Bd8 Bc2 63. Nxf6 Be7 64. Bxe7 Kxe7 65. Nh7 Bxe4 66. f6+ 1-0

[Event "VIE-ch (Women)"]
[Site "Hanoi"]
[Date "2017.04.20"]
[Round "6"]
[White "Kieu, Bich Thuy"]
[Black "Doan, Thi Hong Nhung"]
[Result "0-1"]
[WhiteElo "1729"]
[BlackElo "1960"]
[PlyCount "86"]
[EventDate "2017.04.16"]
[EventType "swiss"]
[EventRounds "11"]
[EventCountry "VIE"]
[SourceTitle "CBM 178 Extra"]
[Source "ChessBase"]
[SourceDate "2017.06.22"]
[SourceVersion "1"]
[SourceVersionDate "2017.06.22"]
[SourceQuality "1"]

1. d4 Nf6 2. Bf4 e6 3. e3 Be7 4. Bd3 b6 5. Nf3 Bb7 6. 0-0 0-0 7. c4 Nh5 8. Bg3 Nxg3 9. hxg3 d6 10. Nbd2 Nd7 11. Qc2 g6 12. e4 Bf6 13. Rfe1 c5 14. d5 e5 15. Nf1 Kg7 16. Ne3 h5 17. Nh2 h4 18. gxh4 Bxh4 19. Qe2 Rh8 20. g3 Bg5 21. Kg2 Nf6 22. Rh1 Bc8 23. Nhg4 Nh5 24. Rh2 Bxe3 25. Nxe3 Qg5 26. Kh1 Bd7 27. Ng2 Bg4 28. Qe3 Qxe3 29. Nxe3 Bf3+ 30. Ng2 Nf6 31. Kg1 Rxh2 32. Kxh2 Bxe4 33. Bxe4 Nxe4 34. Kg1 Rh8 35. Rc1 f5 36. Rc2 g5 37. Re2 Kf6 38. Ne1 g4 39. Kg2 Ng5 40. Nd3 Nf3 41. Rc2 Rh2+ 42. Kf1 Rh1+ 43. Ke2 Nd4+ 0-1